000 00321nam a22001457a 4500
008 210609b ||||| |||| 00| 0 eng d
020 _a9781565335707
041 _aeng
080 _a610.73
082 _a610.73
100 _a1
101 _aINF
245 _aRN Mental Health Nursing
_cSusan Adcock
942 _2udc
_cBK
999 _c58069
_d58069